Pokémon de type vol (1G-7G) - Statistiques

Statistiques générales
  • Ce quiz a été pris 241 fois
  • Le résultat moyen est 33 sur 102
Statistiques - réponses
Génération Pokédex Types Nom du pokémon % Correct
1 006 Feu Vol Dracaufeu
98%
1 012 Insecte Vol Papilusion
92%
1 016 Normal Vol Roucool
91%
1 018 Normal Vol Roucarnage
90%
1 017 Normal Vol Roucoups
89%
1 021 Normal Vol Piafabec
88%
1 022 Normal Vol Rapasdepic
84%
1 042 Poison Vol Nosferalto
77%
1 041 Poison Vol Nosferapti
77%
1 149 Dragon Vol Dracolosse
72%
1 144 Glace Vol Artikodin
71%
1 145 Electrique Vol Electhor
71%
1 146 Feu Vol Sulfura
71%
1 142 Roche Vol Ptéra
66%
2 163 Normal Vol Hoothoot
65%
2 164 Normal Vol Noarfang
63%
1 123 Insecte Vol Insécateur
62%
1 130 Eau Vol Léviator
61%
2 169 Poison Vol Nostenfer
59%
1 083 Normal Vol Canarticho
58%
2 165 Insecte Vol Coxy
58%
2 166 Insecte Vol Coxyclaque
58%
1 085 Normal Vol Dodrio
58%
1 084 Normal Vol Doduo
57%
2 189 Plante Vol Cotovol
55%
2 188 Plante Vol Floravol
55%
2 187 Plante Vol Granivol
55%
2 177 Psy Vol Natu
55%
2 178 Psy Vol Xatu
55%
2 198 Ténèbres Vol Cornèbre
52%
2 176 Fée Vol Togetic
52%
2 227 Acier Vol Airmure
50%
2 207 Sol Vol Scorplane
49%
2 250 Feu Vol Ho-oh
48%
2 249 Psy Vol Lugia
48%
3 277 Normal Vol Hélédelle
47%
3 276 Normal Vol Nirondelle
47%
2 225 Glace Vol Cadoizo
45%
3 278 Eau Vol Goélise
44%
3 279 Eau Vol Bekipan
43%
3 267 Insecte Vol Charmillon
42%
2 226 Eau Vol Démanta
40%
3 334 Dragon Vol Altaria
37%
4 396 Normal Vol Etourmi
37%
4 397 Normal Vol Etourvol
36%
3 373 Dragon Vol Drattak
34%
4 398 Normal Vol Etouraptor
34%
3 291 Insecte Vol Ninjask
34%
3 357 Plante Vol Tropius
34%
3 384 Dragon Vol Rayquaza
33%
3 333 Normal Vol Tylton
33%
2 193 Insecte Vol Yanma
32%
3 284 Insecte Vol Maskadra
30%
4 425 Spectre Vol Baudrive
26%
4 426 Spectre Vol Grodrive
25%
4 416 Insecte Vol Apireine
23%
4 415 Insecte Vol Apitrini
23%
4 430 Ténèbres Vol Corboss
21%
4 414 Insecte Vol Papilord
21%
4 468 Fée Vol Togekiss
15%
4 458 Eau Vol Babimanta
13%
4 441 Normal Vol Pijako
13%
4 472 Sol Vol Scorvol
13%
4 469 Insecte Vol Yanmega
12%
5 519 Normal Vol Poichigeon
11%
5 520 Normal Vol Colombeau
9%
5 521 Normal Vol Déflaisan
9%
4 479 Electrique Vol Motisma
7%
5 641 Vol Boréas
5%
5 527 Psy Vol Chovsourir
5%
5 581 Eau Vol Lakmécygne
5%
5 528 Psy Vol Rhinolove
5%
5 567 Roche Vol Aéroptéryx
4%
5 566 Roche Vol Arkéapti
4%
5 580 Eau Vol Couaneton
4%
5 561 Psy Vol Cryptéro
4%
5 587 Electrique Vol Emolga
4%
5 630 Ténèbres Vol Vaututrice
3%
7 733 Normal Vol Bazoucan
2%
6 662 Feu Vol Braisillon
2%
7 722 Plante Vol Brindibou
2%
6 701 Combat Vol Brutalibré
2%
5 645 Sol Vol Démétéros
2%
7 723 Plante Vol Efflèche
2%
6 663 Feu Vol Flambusard
2%
5 642 Electrique Vol Fulguris
2%
5 627 Normal Vol Furaiglon
2%
5 628 Normal Vol Gueriaigle
2%
6 661 Normal Vol Passerouge
2%
7 731 Normal Vol Picassaut
2%
7 732 Normal Vol Piclairon
2%
6 666 Insecte Vol Prismillon
2%
6 714 Dragon Vol Sonistrelle
2%
5 629 Ténèbres Vol Vostourno
2%
6 717 Ténèbres Vol Yveltal
2%
7 797 Acier Vol Bamboiselle
1%
6 715 Dragon Vol Bruyverne
1%
7 774 Roche Vol Météno
1%
7 741 Electrique Vol Plumeline
1%
7 741 Psy Vol Plumeline
1%
7 741 Feu Vol Plumeline
1%
7 741 Spectre Vol Plumeline
1%
Aucun quiz correspondant
Distribution des résultats
% des personnes avec chaque résultat
Percentile par nombre de réponses
Votre historique - résultats
Vous n’avez pas pris ce quiz